| 000 | 00982nam a22001937a 4500 | ||
|---|---|---|---|
| 999 |
_c4680 _d4680 |
||
| 001 | 20702 | ||
| 003 | BD-DhUAP | ||
| 005 | 20201116154749.0 | ||
| 008 | 201116s2017 bg a|||| |||| 00| 0 ben d | ||
| 020 | _a9789843427465 | ||
| 040 |
_aBD-DhUAP _bBen _cBD-DhUAP _dBD-DhUAP |
||
| 082 |
_223 _a324.22092 PHO |
||
| 245 |
_aছবির ভাষায় মহানায়ক বঙ্গবন্ধু ও বাংলাদেশ = Photographs of great leader Bangabandhu Sheikh Mujibur Rahman & Bangladesh / _cআলহামরা নাসরীন হোসেন লুইজা কর্তৃক সম্পাদিত। |
||
| 260 |
_aঢাকা : _bবর্ণ প্রকাশ, _c২০১৭। |
||
| 300 |
_a৪৬২ পৃষ্ঠা : _bচিত্র ; _c২২ + ২৯ সেমি.। |
||
| 600 |
_a Rahman, Sheikh Mujibur _d1920-1975 _tBiography. |
||
| 700 | _aলুইজা, আলহামরা নাসরীন হোসেন। | ||
| 942 |
_2ddc _cBK |
||